Vybrané problémy simulačních modelů (IV. severomoravské kolokvium) 8. - 10.9. 1981 Hukvaldy : Skripta kursu

Gespeichert in:
Bibliographische Detailangaben
Format: Buch
Sprache:Tschechisch
Veröffentlicht: Ostrava : ČSVTS, 1981
Tags: Tag hinzufügen
Keine Tags, Fügen Sie das erste Tag hinzu!

MARC

LEADER 00000nam a22000003a 4500
001 stu265750
005 20150408175545.7
008 130422s1981----cs------------------cze-d
040 |a STU  |b slo 
041 0 |a cze 
044 |a cs 
245 |a Vybrané problémy simulačních modelů (IV. severomoravské kolokvium) 8. - 10.9. 1981 Hukvaldy :  |b Skripta kursu 
260 |a Ostrava :  |b ČSVTS,  |c 1981 
300 |a 153 s 
996 |c I*Z2647  |l I  |s A  |a 24  |w stu265750_0001